000 00312nam a22001457a 4500
008 210311b ||||| |||| 00| 0 eng d
020 _a0878351337
041 _aeng
080 _a004
082 _a004
100 _a28
101 _aSHKI
245 _aBeginning Structured Cobol
_cHorn,L.W
942 _2udc
_cBK
999 _c56287
_d56287